Central Library OPAC University of Rajshahi

The early history of Bengal : (Record no. 68713)

MARC details
000 -LEADER
fixed length control field 00949nam a2200265 a 4500
001 - CONTROL NUMBER
control field 68713
003 - CONTROL NUMBER IDENTIFIER
rucl marc code BD-RjUL
005 - DATE AND TIME OF LATEST TRANSACTION
control field 20211209081812.0
008 - FIXED-LENGTH DATA ELEMENTS--GENERAL INFORMATION
fixed length control field 170405s1940 ii a b 001 0 eng d
020 ## - INTERNATIONAL STANDARD BOOK NUMBER
Terms of availability Rs: 4.00 (Sh: 7.00)
035 ## - SYSTEM CONTROL NUMBER
System control number (BD-RjUL)68923
040 ## - CATALOGING SOURCE
Original cataloging agency DLC
Transcribing agency DLC
Language of cataloging eng
Modifying agency BD-RjUL
041 ## - LANGUAGE CODE
Language code of text/sound track or separate title eng
082 00 - DEWEY DECIMAL CLASSIFICATION NUMBER
Edition number 23
Classification number 954.14
Author mark and year PAE 1940
100 1# - MAIN ENTRY--PERSONAL NAME
Personal name Paul, Pramode Lal.
9 (RLIN) 203671
245 14 - TITLE STATEMENT
Title The early history of Bengal :
Remainder of title (from the earliest times to the Muslim conquest) /
Statement of responsibility, etc. by Pramode Lal Paul
260 ## - PUBLICATION, DISTRIBUTION, ETC. (IMPRINT)
Place of publication, distribution, etc. Calcutta :
Name of publisher, distributor, etc. Indian Research Institute,
Date of publication, distribution, etc. [1940].
300 ## - PHYSICAL DESCRIPTION
Pagination (ii, 158 p.) :
Illustrations ill. ;
Size 25 cm.
504 ## - BIBLIOGRAPHY, ETC. NOTE
Bibliography, etc Includes bibliographical references and index.
651 #0 - SUBJECT ADDED ENTRY--GEOGRAPHIC NAME
Geographic name Bengal (India)
General subdivision History.
9 (RLIN) 203673
830 ## - SERIES ADDED ENTRY--UNIFORM TITLE
Uniform title Indian Research Institute. Indian history series ;
Volume number/sequential designation no. 3.
942 ## - ADDED ENTRY ELEMENTS (KOHA)
Source of classification or shelving scheme Dewey Decimal Classification
Koha item type Books
Holdings
Lost status Source of classification or shelving scheme Damaged status Not for loan Collection code Permanent Location Current Location Shelving location Date acquired Source of acquisition Cost, normal purchase price Total Checkouts Full call number Date last seen Copy number Koha item type
  Dewey Decimal Classification   Not For Loan Non-fiction Central Library, University of Rajshahi Central Library, University of Rajshahi Reading Room 16/01/1962 Oriental Library, Rajshahi 15.90   954.14 PAE 1940 05/04/2017 C-1 Books